000
00303nam a2200109Ia 4500
008
220204s9999 xx 000 0 und d
082
_a
025.49(C)
_b
CHA
100
_a
Chand, Mohinder Pratap
245
0
_a
Colon classification: Its structure and working
260
_a
New Delhi
_b
Sterling
_c
1978
942
_c
BK
999
_c
32509
_d
32509